Loreto College Library, Kolkata
WEBOPAC (ONLINE PUBLIC ACCESS CATALOGUE)

Rebels against slavery (Record no. 30604)

MARC details
000 -LEADER
fixed length control field 00603nam a2200205Ia 4500
008 - FIXED-LENGTH DATA ELEMENTS--GENERAL INFORMATION
fixed length control field 131103s9999 xx 000 0 und d
020 ## - ISBN | অাই এস বি এন
ISBN | অাই এস বি এন 0-590-45736-5
040 ## - CATALOGING SOURCE
Original cataloging agency Loreto College
041 ## - LANGUAGE CODE
Language code English
082 ## - DDC | ডিউই
Classification number | বর্গসংখ্যা 920/MCK
Book Number | গ্রন্থাঙ্ক LCBED/12397
100 ## - MAIN ENTRY--PERSONAL NAME | মুখ্য সংলেখ - ব্যাক্তিনাম
Personal name | ব্যাক্তিনাম Mckissack, Patricia C.
245 ## - TITLE STATEMENT | অাখ্যা বিবরণী
Title | অাখ্যা Rebels against slavery
Statement of responsibility | লেখকের দায়িত্বের বিবরণ Patricia C.Mckissack and Fredrick L.Mckissack
260 ## - IMPRINT | প্রকাশনা ক্ষেত্র
Place of publication | প্রকাশ স্থান New York
Name of publisher | প্রকাশকের নাম Scholastic
Date of publication | প্রকাশ কাল [19?]
300 ## - PHYSICAL DESCRIPTION |
Page / Vol. No | পৃষ্ঠা / খন্ড সংখ্যা 181p
504 ## - BIBLIOGRAPHY, ETC. NOTE
Bibliography, etc Includes bibilographical references & index
650 ## - SUBJECT ADDED ENTRY--TOPICAL TERM | বিষয় শিরোনাম - মূল বিষয়
Topical term | মূল বিষয় Biography
700 ## - ADDED ENTRY--PERSONAL NAME | অতিরিক্ত সংলেখ - ব্
Personal name | ব্যাক্তিনাম Mckissack, Fredrick L.
850 ## - HOLDING INSTITUTION
Holding institution LCBED/920/MCK
942 ## - ADDED ENTRY ELEMENTS (KOHA)
Koha item type Books
Holdings
Withdrawn status Lost status Damaged status Not for loan Home library Current library Date acquired Total Checkouts Full call number Accession No. Date last seen Price effective from Koha item type
        Loreto College Loreto College 04/11/2013   920/MCK LCBED/12397 B33454 04/11/2013 04/11/2013 Books